Biathlon Français - Statistiques

Statistiques générales
  • Ce quiz a été pris 497 fois
  • Le résultat moyen est 11 sur 25
Statistiques - réponses
Nombre
de victoire
Nom Gros
globe
Globe de
spécialité
Championnat
du monde
Titre
Olympique
% Correct
84 Martin Fourcade 7 26 11 5
99%
18 Quentin Fillon Maillet 1 2 2
91%
18 Julia Simon 1 3 4 1
88%
5 Émilien Jacquelin 1 2
86%
15 Lou Jeanmonnot 1 6
78%
8 Éric Perrot 1 3 1
72%
14 Justin Braisaz-Bouchet 1 2 1
71%
1 Anais Chevalier-Bouchet
64%
7 Marin Dorin-Habert 4
58%
44 Raphaël Poirée 4 10 7
53%
1 Anaïs Bescond
45%
2 Simon Desthieux
44%
7 Patrice Bailly-Salins 1 1
27%
20 Sandrine Bailly 1 2 1
27%
3 Vincent Defrasne 1 1
25%
1 Alexis Bœuf
24%
1 Paula Botet
23%
1 Jean Guillaume Béatrix
19%
4 Vincent Jay 1
15%
1 Florence Baverel-Robert 1
11%
8 Corinne Niogret 2
10%
6 Anne Briand-Bouthiaux 1 1
9%
3 Emmanuelle Claret 1 1
6%
1 Sylvie Becaert 1 1
6%
1 Hervé Flandin
2%
Aucun quiz correspondant
Distribution des résultats
% des personnes avec chaque résultat
Percentile par nombre de réponses
Votre historique - résultats
Vous n’avez pas pris ce quiz